Hearing before the subcommittee on Africa of the Committee on International Relations House of Representatives (Record no. 1894)
[ view plain ]
| 000 -LEADER | |
|---|---|
| fixed length control field | 00399nam a22001217a 4500 |
| 008 - FIXED-LENGTH DATA ELEMENTS--GENERAL INFORMATION | |
| fixed length control field | 230620b xxu||||| |||| 00| 0 eng d |
| 020 ## - INTERNATIONAL STANDARD BOOK NUMBER | |
| International Standard Book Number | 0160471583 |
| 082 ## - DEWEY DECIMAL CLASSIFICATION NUMBER | |
| Classification number | 323.96 |
| Item number | CIR |
| 110 ## - MAIN ENTRY--CORPORATE NAME | |
| Subordinate unit | Committee on international Relation |
| 245 ## - TITLE STATEMENT | |
| Title | Hearing before the subcommittee on Africa of the Committee on International Relations House of Representatives |
| Remainder of title | 104 Congress |
| 300 ## - PHYSICAL DESCRIPTION | |
| Extent | 95p |
| 942 ## - ADDED ENTRY ELEMENTS (KOHA) | |
| Source of classification or shelving scheme | Dewey Decimal Classification |
| Koha item type | Books |
| Withdrawn status | Lost status | Source of classification or shelving scheme | Damaged status | Not for loan | Home library | Current library | Date acquired | Total Checkouts | Full call number | Barcode | Date last seen | Price effective from | Koha item type |
|---|---|---|---|---|---|---|---|---|---|---|---|---|---|
| Dewey Decimal Classification | County Hall Archives | County Hall Archives | 06/20/2023 | 323.96 CIR | 10013110 | 06/20/2023 | 06/20/2023 | Books |
